| 000 | 00773nam a2200229Ia 4500 | ||
|---|---|---|---|
| 003 | PE SENCICO BE | ||
| 005 | 20260220212646.0 | ||
| 008 | 200515s9999 xx 000 0 und d | ||
| 040 |
_aPE SENCICO BE _cPE SENCICO BE |
||
| 041 | _aspa | ||
| 082 |
_a692.1 _bH82 |
||
| 100 | 1 |
_aHuman Santillan, Alejandro A. _9202 _eautor |
|
| 245 | 1 | 0 |
_aMonografía del trabajo de certificación : _bdibujo en construcción civil / _cAlejandro A. Huamán Santillan |
| 260 |
_aLima : _c1996 |
||
| 300 |
_a2 volúmenes : _bplanos ; _c29 cm. |
||
| 650 | 1 | 0 |
_aDibujo técnico _9388 |
| 650 | 2 | 0 |
_aDibujo arquitectónico _9387 |
| 650 | 2 | 0 |
_aInstalaciones eléctricas _9349 |
| 650 | 2 | 0 |
_aInstalaciones sanitarias _9332 |
| 710 | 1 |
_aInstituto Superior Enrique Meiggs _9197 |
|
| 942 |
_cLIB _2ddc |
||
| 999 |
_c3598 _d3598 |
||